And the mountains echoed (Record no. 590678)

000 -LEADER
fixed length control field 01993cim a2200505 a 4500
001 - CONTROL NUMBER
control field 17951779
003 - CONTROL NUMBER IDENTIFIER
control field NUST
005 - DATE AND TIME OF LATEST TRANSACTION
control field 20220726182306.0
007 - PHYSICAL DESCRIPTION FIXED FIELD--GENERAL INFORMATION
fixed length control field sd fsngnnmmned
008 - FIXED-LENGTH DATA ELEMENTS--GENERAL INFORMATION
fixed length control field 131122s2013 nyunnn|g f | eng d
010 ## - LIBRARY OF CONGRESS CONTROL NUMBER
LC control number 2013626634
020 ## - INTERNATIONAL STANDARD BOOK NUMBER
International Standard Book Number 9781611761801
020 ## - INTERNATIONAL STANDARD BOOK NUMBER
International Standard Book Number 1611761808
035 ## - SYSTEM CONTROL NUMBER
System control number (OCoLC)ocn843947571
038 ## - RECORD CONTENT LICENSOR
Staff Name Azhar
040 ## - CATALOGING SOURCE
Original cataloging agency VPW
Transcribing agency VPW
Modifying agency UPZ
-- JP3
-- VP@
-- DLC
042 ## - AUTHENTICATION CODE
Authentication code lccopycat
043 ## - GEOGRAPHIC AREA CODE
Geographic area code a-af---
050 00 - LIBRARY OF CONGRESS CALL NUMBER
Classification number SDC 30019
082 ## - DEWEY DECIMAL CLASSIFICATION NUMBER
Classification number 813.6
Author Mark HOS
100 1# - MAIN ENTRY--PERSONAL NAME
Personal name Hosseini, Khaled.
245 10 - TITLE STATEMENT
Title And the mountains echoed
Statement of responsibility, etc. Khaled Hosseini.
260 ## - PUBLICATION, DISTRIBUTION, ETC.
Place of publication, distribution, etc. New York :
Name of publisher, distributor, etc. Cengage learning
Date of publication, distribution, etc. 2013.
300 ## - PHYSICAL DESCRIPTION
Extent 595p
Other physical details digital ;
Dimensions 4 3/4 in.
306 ## - PLAYING TIME
Playing time 140000
500 ## - GENERAL NOTE
General note Unabridged.
500 ## - GENERAL NOTE
General note Compact disc.
511 0# - PARTICIPANT OR PERFORMER NOTE
Participant or performer note Read by the author, Navid Negahban, and Shohreh Aghdashloo.
520 ## - SUMMARY, ETC.
Summary, etc. A novel about how people love, how they take care of each other, and how choices made today can resonate through future generations. Author Khaled Hosseini gives listeners a multi-generational family story revolving around siblings and how they love, betray, hurt, honor, and would do anything for one another.
650 #0 - SUBJECT ADDED ENTRY--TOPICAL TERM
Topical term or geographic name entry element Families
Form subdivision Fiction.
9 (RLIN) 95394
650 #0 - SUBJECT ADDED ENTRY--TOPICAL TERM
Topical term or geographic name entry element Interpersonal relations
Form subdivision Fiction.
650 #0 - SUBJECT ADDED ENTRY--TOPICAL TERM
Topical term or geographic name entry element Community life
Form subdivision Fiction.
9 (RLIN) 95395
650 #0 - SUBJECT ADDED ENTRY--TOPICAL TERM
Topical term or geographic name entry element Brothers and sisters
Form subdivision Fiction.
9 (RLIN) 7599
650 #0 - SUBJECT ADDED ENTRY--TOPICAL TERM
Topical term or geographic name entry element Historical fiction.
9 (RLIN) 50717
650 #0 - SUBJECT ADDED ENTRY--TOPICAL TERM
Topical term or geographic name entry element Domestic fiction.
9 (RLIN) 11588
650 #0 - SUBJECT ADDED ENTRY--TOPICAL TERM
Topical term or geographic name entry element Audiobooks.
9 (RLIN) 95396
651 #0 - SUBJECT ADDED ENTRY--GEOGRAPHIC NAME
Geographic name Afghanistan
Form subdivision Fiction.
9 (RLIN) 3708
700 1# - ADDED ENTRY--PERSONAL NAME
Personal name Negahban, Navid,
Dates associated with a name 1968-
Relator code nrt
9 (RLIN) 95397
700 1# - ADDED ENTRY--PERSONAL NAME
Personal name Aghdashloo, Shohreh,
Dates associated with a name 1952-
Relator code nrt
9 (RLIN) 95398
856 42 - ELECTRONIC LOCATION AND ACCESS
Materials specified Contributor biographical information
Uniform Resource Identifier <a href="http://www.loc.gov/catdir/enhancements/fy1404/2013626634-b.html">http://www.loc.gov/catdir/enhancements/fy1404/2013626634-b.html</a>
856 42 - ELECTRONIC LOCATION AND ACCESS
Materials specified Publisher description
Uniform Resource Identifier <a href="http://www.loc.gov/catdir/enhancements/fy1404/2013626634-d.html">http://www.loc.gov/catdir/enhancements/fy1404/2013626634-d.html</a>
906 ## - LOCAL DATA ELEMENT F, LDF (RLIN)
a 7
b cbc
c copycat
d 2
e ncip
f 20
g y-soundrec
942 ## - ADDED ENTRY ELEMENTS (KOHA)
Source of classification or shelving scheme
Koha item type Lincoln Corner
Holdings
Withdrawn status Lost status Source of classification or shelving scheme Damaged status Not for loan Permanent Location Current Location Shelving location Date acquired Full call number Barcode Date last seen Price effective from Koha item type
          Central Library (CL) Central Library (CL) Lincoln Corner 07/26/2022 813.6 HOS LC-255 07/26/2022 07/26/2022 Reference
© 2023 Central Library, National University of Sciences and Technology. All Rights Reserved.